000 00757nam a2200229Ia 4500
001 289
005 20251203123024.0
008 251203t2020||||xx |||||||||||||| ||spa||
020 _a9786124821844
041 _aESP
082 _a650.1
_bE74
110 _aErnst & Young
245 0 _aAri quepay, aquí nos quedamos :
_bhistoria y legado de las familias empresarias arequipeñas
250 _aPrimera edición
260 _aLima :
_bErnst & Young Consultores,
_c2020
300 _a177 páginas :
_b ilustraciones, fotografías ;
_c 29 cm.
_e
440 _a
_n
_v
650 _aTCA
653 _aÉxito en los negocios - Arequipa (Perú); Empresas familiares - Arequipa (Perú); Empresarios - Arequipa (Perú)
654 _aCCO
942 _cLIB
_dJUS
_fMAT
_2ddc
_n
999 _c289
_d289